000 00812nmc a2200301 a 4500
003 AR-BaBNM
005 20251128204106.0
008 136019s1986 ||||||||||||||000 | spa||
020 _a950-25-1402-2
040 _cAR-BaBNM
100 1 _aGodio, Julio
245 1 0 _aLa Internacional Socialista en la Argentina
_n2
260 _aBuenos Aires
_bCentro Editor de América Latina
_c1986
300 0 _ap. 117-218
490 0 _aBiblioteca política argentina
_vv. 141
600 1 4 _aBrandt, Willy
650 4 _aHISTORIA ARGENTINA
650 4 _aPOLITICA
650 4 _aHISTORIA DE LAS IDEAS
650 4 _aIDEOLOGIAS POLITICAS
650 4 _aSOCIALISMO
651 4 _aCaribe
651 4 _aArgentina
651 4 _aAmérica Latina
800 1 _aTroncoso, Oscar
_edirector
942 _cBK
998 _cEnrique
999 _c6140
_d6140